00629nam a2200217 a 450000100060000000300080000600500170001400800410003103500190007204000290009104100080012008200260012810000180015424500820017226000310025430000270028550400410031265000190035365000230037265000160039534510BD-RjUL20211209052154.0140517s1951 nyu b 000 0 eng d a(BD-RjUL)34604 aLCbengcLCdNUdBD-RjUL aeng04a303.484219bHOT 19511 aHoffer, Eric.14aThe true believer :bthoughts on the nature of mass movements /cEric Hoffer. aNew York :bHarper,c1951. axiii, 176 p. ;c20 cm. aIncludes bibliographical references. 0aSocial groups. 0aSocial psychology. 0aFanaticism.